LEADER 01027nam a2200265 a 4500 001 000000126319 003 CaOOAMICUS 005 20110916110241.0 008 110916s2011 it e 000 0 ita r 040 $aPUL$bita 082 04$a853 100 1 $aMalvaldi, Marco,$d1974-$0(OLS)http://pul/name/79477 245 10$aSol levante e pioggia battente /$cMarco Malvaldi. 260 $aMilano :$bR.C.S. Quotidiani,$cİ2011. 300 $a61 p. ;$c18 cm 490 1 $aInediti d'autore ;$v19 500 $aEd. speciale per Corriere della Sera. 830 0$aInediti d'autore ;$v19.$0(OLS)http://pul/title/159119 850 $aPUL 852 $aPUL$W1$xDP2 Cons. Gen., Altre Classi 3$y97$m853 COLL 2.19$j145763$qDDC 21$B144580$CPULBib$Z2$F144580 $H117985 $82 941 1 $a9 996 $6082$a853$9(OLS)http://pul/classification/1915 996 $6245$aSol levante e pioggia battente$9(OLS)http://pul/title/159529 996 $6260$aMilano :$bR.C.S. Quotidiani$9(OLS)http://pul/publisher/79195 LEADER 01068nam a2200253 u 4500 001 000000049626 003 CaOOAMICUS 005 20070226115130.0 008 000706n1910 it a u000 u ita u 035 $a10851760 040 $aPUL(R)$bita 100 1 $aManni, Giuseppe,$cSch.P.,$d1844-1923.$0(OLS)http://pul/name/35861 245 13$aIl canto XXXIII del Purgatorio /$cletto da Giuseppe Manni nella sala di Dante in Ornsanmichele. 260 $aFirenze :$bSansoni,$c1910. 300 $a37 p. :$bill. ;$c25 cm 490 1 $aLectura Dantis 600 04$aDante Alighieri,$d1265-1321.$tDivina Commedia.$pPurgatorio.$0(OLS)http://pul/subject/5170 830 0$aLectura Dantis.$0(OLS)http://pul/title/8649 850 $aPUL 852 $aPUL$W1$xDP1 Fondo Maccarrone$y58$m1516 B 10$j65908$nBK-PRI$b $qFondi$B65908$CPULBib$Z2$F65908 $H $81 941 1 $a1 961 $aINV: 3905 F. Maccarrone 996 $6245$aIl canto XXXIII del Purgatorio$9(OLS)http://pul/title/66897 996 $6260$aFirenze :$bSansoni$9(OLS)http://pul/publisher/47896